Total Quality Management (Record no. 88120)

MARC details
000 -LEADER
fixed length control field 00640nam a22002177a 4500
003 - CONTROL NUMBER IDENTIFIER
control field URS
005 - DATE AND TIME OF LATEST TRANSACTION
control field 20251022142521.0
008 - FIXED-LENGTH DATA ELEMENTS--GENERAL INFORMATION
fixed length control field 250929b ||||| |||| 00| 0 eng d
020 ## - INTERNATIONAL STANDARD BOOK NUMBER
International Standard Book Number 978-62-427-229-7
040 ## - CATALOGING SOURCE
Transcribing agency URS
050 ## - LIBRARY OF CONGRESS CALL NUMBER
Classification number HD62.15
Item number .Se484 2024
100 ## - MAIN ENTRY--PERSONAL NAME
Personal name Sergote, Jessie F.
245 ## - TITLE STATEMENT
Title Total Quality Management
Remainder of title : An Introduction
264 ## - PRODUCTION, PUBLICATION, DISTRIBUTION, MANUFACTURE, AND COPYRIGHT NOTICE
Place of production, publication, distribution, manufacture Intramuros, Manila
Name of producer, publisher, distributor, manufacturer UNLIMITED BOOKS LIBRARY SERVICES & PUBLISHING INC.
Date of production, publication, distribution, manufacture, or copyright notice ©2024
300 ## - PHYSICAL DESCRIPTION
Extent 250 pages.,:
Other physical details 23 cm.
336 ## - CONTENT TYPE
Source rdacontent
Content type term text
337 ## - MEDIA TYPE
Source rdamedia
Media type term unmediated
338 ## - CARRIER TYPE
Source rdacarrier
Carrier type term volume
650 #0 - SUBJECT ADDED ENTRY--TOPICAL TERM
Topical term or geographic name entry element Total quality Management.
942 ## - ADDED ENTRY ELEMENTS (KOHA)
Source of classification or shelving scheme Library of Congress Classification
Koha item type Filipiniana
Holdings
Withdrawn status Source of classification or shelving scheme Damaged status Not for loan Collection code Home library Current library Date acquired Total Checkouts Full call number Barcode Date last seen Copy number Price effective from Koha item type
  Library of Congress Classification     Non-fiction Morong College Library Morong College Library 09/29/2025   HD62.15 .Se484 2024 URSMOR-CL-30462 09/29/2025 1 09/29/2025 Filipiniana
  Library of Congress Classification     Non-fiction Morong College Library Morong College Library 09/29/2025   HD62.15 .Se484 2024 URSMOR-CL-30463 09/29/2025 2 09/29/2025 Filipiniana
  Library of Congress Classification     Non-fiction Morong College Library Morong College Library 09/29/2025   HD62.15 .Se484 2024 URSMOR-CL-30464 09/29/2025 3 09/29/2025 Filipiniana
  Library of Congress Classification     Non-fiction Morong College Library Morong College Library 09/29/2025   HD62.15 .Se484 2024 URSMOR-CL-30465 09/29/2025 4 09/29/2025 Filipiniana
  Library of Congress Classification     Non-fiction Morong College Library Morong College Library 09/29/2025   HD62.15 .Se484 2024 URSMOR-CL-30466 09/29/2025 5 09/29/2025 Filipiniana

University of Rizal System
Email us at univlibservices@urs.edu.ph

Visit our Website www.urs.edu.ph/library